书目信息 |
| 题名: |
性心理学
|
|
| 作者: | 韦柯斯布格 著 ;沃尔夫 , 李洪璞 , 汤燕 英译 | |
| 分册: | ||
| 出版信息: | 北京 农村读物出版社 1989 |
|
| 页数: | 197页 | |
| 开本: | 19cm | |
| 丛书名: | 性文明建设译丛 | |
| 单 册: | ||
| 中图分类: | R167 , B84 | |
| 科图分类: | ||
| 主题词: | 性心理学 , 心理学 | |
| 电子资源: | ||
| ISBN: | 7-5048-0746-X | |
| 000 | 00848oam2 2200289 450 | |
| 001 | 1554054164 | |
| 005 | 20150128150131.09 | |
| 010 | @a7-5048-0746-X@dCNY2.70 | |
| 100 | @a20040831d1989----em y0chiy50 ea | |
| 101 | 1 | @achi@bger@ceng |
| 102 | @aCN@b110000 | |
| 105 | @ay z 000yy | |
| 200 | 1 | @a性心理学@9xing xin li xue@f(德)埃尔温·韦柯斯布格著@g(美)贝兰·沃尔夫英译@g李洪璞,汤燕编译 |
| 210 | @a北京@c农村读物出版社@d1989 | |
| 215 | @a197页@d19cm | |
| 225 | 2 | @a性文明建设译丛 |
| 461 | 0 | @12001 @a性文明建设译丛 |
| 606 | 0 | @a性心理学 |
| 606 | 0 | @a心理学 |
| 690 | @aR167@v5 | |
| 690 | @aB84@v4 | |
| 701 | 1 | @a韦柯斯布格@9wei ke si bu ge@b埃尔温@4著 |
| 702 | 1 | @a沃尔夫@9wo er fu@b贝兰@4英译 |
| 702 | 0 | @a李洪璞@9li hong pu@4编译 |
| 702 | 0 | @a汤燕@9tang yan@4编译 |
| 801 | 0 | @aCN@bTSSF@c20150128 |
| 905 | @aZUCC@dB84@eJY132 | |
| 性心理学/(德)埃尔温·韦柯斯布格著/(美)贝兰·沃尔夫英译/李洪璞,汤燕编译.-北京:农村读物出版社,1989 |
| 197页;19cm.-(性文明建设译丛) |
| ISBN 7-5048-0746-X:CNY2.70 |
| ● |
| 相关链接 |
|
|
|
|
正题名:性心理学
索取号:B84/JY132
 
预约/预借
| 序号 | 登录号 | 条形码 | 馆藏地/架位号 | 状态 | 备注 |
| 1 | 7855491 | 278554912 | 学院路分馆/ [索取号:B84/JY132] | 在馆 |